Marques de montres célèbres - Statistiques

Statistiques générales
  • Ce quiz a été pris 412 fois
  • Le résultat moyen est 11 sur 27
Statistiques - réponses
Réponse % Correct
Rolex
100%
Audemars Piguet
65%
Omega
65%
Patek Philippe
64%
Tissot
64%
Cartier
61%
Swatch
60%
Seiko
57%
Casio
49%
Breitling
48%
Hublot
48%
TAG Heuer
46%
Tudor
46%
Jaeger-LeCoultre
41%
Vacheron Constantin
38%
Longines
33%
Citizen
31%
IWC
30%
Breguet
27%
Hamilton
22%
Blancpain
20%
Grand Seiko
20%
Panerai
19%
Zenith
18%
Orient
14%
Bulova
6%
Girard-Perregaux
3%
Aucun quiz correspondant
Distribution des résultats
% des personnes avec chaque résultat
Percentile par nombre de réponses
Votre historique - résultats
Vous n’avez pas pris ce quiz